000 00590nam a2200193 i 4500
001 55386
003 ES-MaACL
005 20230906163131.0
007 t|
008 030918s1914 fr ||||1| fre d
100 1 _aDeonna, Waldemar.
_943747
245 1 4 _aLes lois et les rythmes dans l'art /
_cWaldemar Deonna.
260 _aParis :
_bErnest Flammarion,
_c1914 (
_eLagny :
_fE. Grevin)
300 _a188 p. ;
_c19 cm.
490 1 _aBibliothèque de culture générale
830 0 _aBibliothèque de culture générale
_9181520
852 _aES-MaACL
_jF-5651
999 _c55386
_d55386